Fons bibliogràfic de l'Arxiu Fotogràfic d'Igualada / Marta Vives Sabaté
Descripción Física:
62 p. ; 21 cm
MARC
| LEADER | 00000nam a2200000Ia 4500 | ||
|---|---|---|---|
| 001 | 12010 | ||
| 003 | BGR | ||
| 005 | 20260324175213.0 | ||
| 008 | 160829s9999 xx 000 0 cat d | ||
| 080 | |a A-2-75 | ||
| 100 | 1 | |a Vives i Sabaté, Marta, |d 1960- |9 20146 | |
| 245 | |a Fons bibliogràfic de l'Arxiu Fotogràfic d'Igualada / Marta Vives Sabaté | ||
| 260 | |a Igualada : |b Consell Comarcal de l'Anoia, Arxiu Històric Comarcal d'Igualada, DL 1998 | ||
| 300 | |a 62 p. ; |c 21 cm | ||
| 650 | |a Arxiu Històric Comarcal d'Igualada |x Biblioteca |x Catàlegs |9 20147 | ||
| 650 | |a Fotografia |x Bibliografia |x Catàlegs |9 20148 | ||
| 650 | |a Cinematografia |x Bibliografia |x Catàlegs |9 20149 | ||
| 710 | 1 | |a Anoia (Catalunya). |b Consell Comarcal |9 51340 | |
| 710 | 1 | |a Arxiu Històric Comarcal d'Igualada |9 70361 | |
| 901 | |a Arxiu | ||
| 942 | |n 1 |2 udc |c MON | ||
| 952 | |0 0 |1 0 |4 0 |6 A275 |7 1 |9 41463 |a Arxiu |b Arxiu |d 2016-12-01 |l 0 |o A-2-75 |p 12010 |r 2016-12-01 00:00:00 |w 2016-12-01 |y ARXIU | ||
| 999 | |c 43271 |d 43271 | ||